000 01476nam a22003257a 4500
999 _c20579
_d20579
005 20191108122439.0
008 191108b xxu||||| |||| 00| 0 spa d
020 _a9789588915685
040 _aCO-BoIAVH
_cCO-BoIAVH
041 _aspa
044 _ack
082 _a577.1068
_bH54s
100 _aHildebrand, Patricio von
245 _aServicios ecosistémicos y riesgo de su pérdida para las comunidades indígenas.
_bOrientaciones técnicas para la caracterización y mapeo de servicios ecosistémicos y la evaluación del riesgo de su eventual pérdida en las comunidades indígenas.
250 _aPrimera edición
260 _aBogotá:
_bWWF Colombia,
_bFundacion Puerto rastrojo,
_c2018.
300 _a119 Páginas:
_bTablas, ilustraciones y mapas,
_c28 x 22 cm.
490 _aProyecto Inclusión de elementos claves de la propuesta indígena sobre REDD+ en la Amazonia, en estrategias regionales y nacionales y políticas de cambio climático.
650 0 _aServicios Ecosistémicos
650 0 _aComunidades indígenas
650 0 _aConservación de ecosistemas
650 0 _aBiomas y ecosistemas
650 0 _aGestión de riesgos
_xplanes de acción
_zColombia
700 _ade la Pava, Ricardo
700 _aLara de la Rosa, Irene
700 _aHerrera Montaya, Johana
710 _aEquipo técnico indígena de Azicatch
856 _uwwf.org.co
942 _2ddc
_cLIBRO